00521nam a2200181Ia 4500008004100000020001500041082001300056100001800069245004600087250000900133260003300142300001500175500002400190650001200214942000700226952009100233999001500324230524s9999 xx 000 0 und d a0004725034 a415bCOL aCollins92985 0aCollins English Dictionary And Thesaurus a21ST aLONDONbHarper Collinsc2000 aXXIII;1397 aQuantity Number: 1 aEnglish cBK 00104070aTATCLbTATCLcGENd2023-05-24l0o415 COLp984r2023-05-24w2023-05-24yBK c5105d5105